| 000 | 00677nas a2200229 4500 | ||
|---|---|---|---|
| 001 | BR9210152 | ||
| 003 | BR-BrBNA | ||
| 005 | 20231205093547.0 | ||
| 007 | ta | ||
| 008 | 230509b bl.|||p| |||| 00| 00por d | ||
| 040 |
_aBR-BrBNA _bpor _cBiblioteca Nacional de Agricultura |
||
| 041 | _a(Pt) | ||
| 072 | _aH10 | ||
| 100 | 1 | _aMendes, C. | |
| 245 | 1 | _aBroca das flores da gravioleira | |
| 650 | _aGraviola | ||
| 650 | _aBroca | ||
| 650 | _aLagarta | ||
| 773 | 0 |
_tBoletim Tecnico - Departamento Nacional de Obras Contra as Secas (Brazil) _xISSN 0374-6658 _g(Jan-Dec 1988), v. 46(1-2) p. 69-77 _wBR9210152 |
|
| 909 |
_a202311 _bLúcia _c55 _dLúcia Elande |
||
| 942 |
_2AGRIS _n0 _cANA |
||
| 999 |
_c139158 _d139158 |
||